Ignacio de Loyola / (Record no. 123551)

MARC details
000 -LEADER
campo de control de longitud fija 00760nam a2200229 i 4500
001 - NÚMERO DE CONTROL
campo de control 123551
003 - IDENTIFICADOR DE NÚMERO DE CONTROL
campo de control ES-MaACL
005 - FECHA Y HORA DE LA ÚLTIMA TRANSACCIÓN
campo de control 20230906192208.0
007 - CAMPO FIJO DE DESCRIPCIÓN FÍSICA--INFORMACIÓN GENERAL
campo de control de longitud fija t|
008 - DATOS DE LONGITUD FIJA--INFORMACIÓN GENERAL
campo de control de longitud fija 070214s1956 sp r ||||1| spa d
100 1# - ENTRADA PRINCIPAL--NOMBRE DE PERSONA
Nombre de persona Rahner, Hugo.
9 (RLIN) 95011
245 10 - MENCIÓN DEL TÍTULO
Título Ignacio de Loyola /
Mención de responsabilidad, etc. texto: H. Rahner ; pórtico y versión: E. Larracoechea ; fotografías: Leonardo von Matt.
260 ## - PUBLICACIÓN, DISTRIBUCIÓN, ETC.
Lugar de publicación, distribución, etc. Bilbao :
Nombre del editor, distribuidor, etc. Desclée de Brouwer,
Fecha de publicación, distribución, etc. 1956.
300 ## - DESCRIPCIÓN FÍSICA
Extensión 347 p., 226 lám. ;
Dimensiones 24 cm.
490 1# - MENCIÓN DE SERIE
Mención de serie Los Santos para la imagen
600 04 - PUNTO DE ACCESO ADICIONAL DE MATERIA--NOMBRE DE PERSONA
Nombre de persona Ignacio de Loyola
Títulos y otros términos asociados al nombre , Santo.
9 (RLIN) 65147
700 1# - ENTRADA AGREGADA--NOMBRE PERSONAL
Nombre de persona Larracoechea, E.
9 (RLIN) 70293
700 1# - ENTRADA AGREGADA--NOMBRE PERSONAL
Nombre de persona Matt, Leonard von.
9 (RLIN) 79106
830 0# - PUNTO DE ACCESO ADICIONAL DE SERIE-TÍTULO UNIFORME
Título uniforme Los Santos para la imagen
9 (RLIN) 218944
852 ## - LOCALIZACIÓN
Ubicación ES-MaACL
Número de control de estantería C-10888
Sublocalización o colección R.38566
Holdings
Estatus retirado Estado de pérdida Estado de daño No para préstamo Biblioteca de origen Biblioteca actual Ubicación en estantería Fecha de adquisición Fuente de adquisición Total de préstamos Signatura topográfica completa Código de barras Visto por última vez Precio de reemplazo Tipo de ítem Koha
        Biblioteca del Ateneo de Madrid Biblioteca del Ateneo de Madrid Sala Palomar 17/01/2008     C-10888 1128727 23/02/2023 23/02/2023 Libro impreso